Research reports on Muslim' grievances in Sri Lanka (Record no. 3772)
[ view plain ]
| 000 -LEADER | |
|---|---|
| fixed length control field | 00445nam a22001457a 4500 |
| 008 - FIXED-LENGTH DATA ELEMENTS--GENERAL INFORMATION | |
| fixed length control field | 231003b |||||||| |||| 00| 0 eng d |
| 020 ## - ISBN | |
| ISBN | 9789555078337 |
| 942 ## - ADDED ENTRY ELEMENTS (KOHA) | |
| Item Type | Reports |
| 100 ## - MAIN ENTRY--PERSONAL NAME | |
| Personal Name | Mohideen, M. I. M. |
| 700 ## - ADDED ENTRY--PERSONAL NAME | |
| Personal name | Vazeer, M. D. M. |
| 245 ## - TITLE STATEMENT | |
| Title | Research reports on Muslim' grievances in Sri Lanka |
| 260 ## - PUBLICATION, DISTRIBUTION, ETC. (IMPRINT) | |
| Place of Publication | Colombo : |
| Name of Publisher | Al- Ceylan Muslim Documentation Centre, |
| Date of Copyright | 2010 |
| 650 ## - SUBJECT ADDED ENTRY--TOPICAL TERM | |
| Topical Term | MUSLIMS- Sri Lanka |
| 650 ## - SUBJECT ADDED ENTRY--TOPICAL TERM | |
| Topical Term | Muslim grievances-Sri Lanka |
| Withdrawn status | Lost status | Source of classification or shelving scheme | Damaged status | Not for loan | Permanent location | Current location | Date acquired | Total Checkouts | Full call number | Barcode | Date last seen | Price effective from | Koha item type |
|---|---|---|---|---|---|---|---|---|---|---|---|---|---|
| Dewey Decimal Classification | Resource center, Muslim Women's Research And Action Forum | Resource center, Muslim Women's Research And Action Forum | 2023-10-03 | 305.6 MOH | RAF1560 | 2023-10-03 | 2023-10-03 | Reports | |||||
| Dewey Decimal Classification | Resource center, Muslim Women's Research And Action Forum | Resource center, Muslim Women's Research And Action Forum | 2023-10-03 | 305.6 MOH | RAF1561 | 2023-10-03 | 2023-10-03 | Reports | |||||
| Dewey Decimal Classification | Resource center, Muslim Women's Research And Action Forum | Resource center, Muslim Women's Research And Action Forum | 2023-10-03 | 305.6 MOH | RAF1562 | 2023-10-03 | 2023-10-03 | Reports |

